| 000 | 00333nam a22001337a 4500 | ||
|---|---|---|---|
| 003 | ASAB | ||
| 005 | 20180827062645.0 | ||
| 008 | 160628t xxu||||| |||| 00| 0 eng d | ||
| 020 | _a978-81-309-3160-9 | ||
| 040 | _cASAB | ||
| 245 |
_aBiochemical tests principles and protocols _cby Anil Kumar, |
||
| 300 | _a404 P | ||
| 942 |
_2ddc _cBK |
||
| 999 |
_c480155 _d480155 |
||